[Event "St Petersburg Korchnoi Memorial op"]
[Site "St Petersburg"]
[Date "2019.08.20"]
[Round "7"]
[White "Korobitsyna, Olesya"]
[Black "Gorbatenko, Alexander"]
[Result "1-0"]
[WhiteElo "1816"]
[BlackElo "2038"]
[PlyCount "67"]
[EventDate "2019.08.14"]
[EventType "swiss"]
[EventRounds "9"]
[EventCountry "RUS"]
[SourceTitle "CBM 192"]
[Source "ChessBase"]
[SourceDate "2019.10.31"]
[SourceVersion "1"]
[SourceVersionDate "2019.10.31"]
[SourceQuality "1"]

1. d4 Nf6 2. c4 g6 3. Nc3 d5 4. cxd5 Nxd5 5. Bd2 Bg7 6. e4 Nb6 7. Be3 0-0 8. h3 Nc6 9. Nf3 Na5 10. Be2 Bd7 11. 0-0 Nac4 12. Bc1 e5 13. d5 Nd6 14. Nd2 c6 15. dxc6 Bxc6 16. b3 Re8 17. Ba3 Bf8 18. Qc1 Rc8 19. Qb2 Qh4 20. Bd3 Rcd8 21. Nf3 Qf4 22. Qc2 Rc8 23. Bc1 Qf6 24. Bg5 Qe6 25. Qe2 a6 26. Rac1 Be7 27. Be3 Bd8 28. Rfd1 f6 29. Bc5 Nf7 30. Qe3 Bd7 31. Nd5 Rc6 32. Nxb6 Bxb6 33. Bxb6 Rxc1 34. Rxc1 1-0

[Event "St Petersburg Korchnoi Memorial op"]
[Site "St Petersburg"]
[Date "2019.08.19"]
[Round "6"]
[White "Gorbatenko, Alexander"]
[Black "Cherednichenko, Dmitrij"]
[Result "0-1"]
[WhiteElo "2038"]
[BlackElo "2285"]
[PlyCount "116"]
[EventDate "2019.08.14"]
[EventType "swiss"]
[EventRounds "9"]
[EventCountry "RUS"]
[SourceTitle "CBM 192"]
[Source "ChessBase"]
[SourceDate "2019.10.31"]
[SourceVersion "1"]
[SourceVersionDate "2019.10.31"]
[SourceQuality "1"]

1. d4 f5 2. Nc3 Nf6 3. Bg5 d5 4. Bxf6 exf6 5. e3 Be6 6. Bd3 Nc6 7. a3 Bd6 8. g3 Qd7 9. Qf3 a6 10. Nge2 Ne7 11. h4 0-0-0 12. Nf4 Bxf4 13. gxf4 g6 14. 0-0-0 h6 15. Rdg1 Rdg8 16. Qe2 Kb8 17. b3 Qd6 18. Kb2 Bd7 19. Qd2 Nc8 20. Na2 Qe6 21. c4 Nd6 22. Qb4 dxc4 23. bxc4 Ne4 24. Bxe4 Qxe4 25. Rh3 Qd3 26. Qc3 Qe2+ 27. Qc2 Qxc2+ 28. Kxc2 Be6 29. Kc3 Bf7 30. Nb4 c6 31. Nd3 b6 32. Rhg3 Kc7 33. Rb1 a5 34. Rgg1 g5 35. hxg5 hxg5 36. Rh1 g4 37. Rbg1 b5 38. cxb5 cxb5 39. Kd2 Bd5 40. Rc1+ Kb6 41. Rhg1 Rh2 42. Ke1 Bc4 43. Nc5 g3 44. Rxg3 Rxg3 45. fxg3 Re2+ 46. Kd1 Rxe3 47. a4 Rxg3 48. Nd7+ Ka6 49. Nc5+ Ka7 50. axb5 Bxb5 51. Kd2 Kb6 52. Re1 a4 53. Re6+ Ka5 54. Nxa4 Kxa4 55. Rxf6 Bd3 56. Kc3 Kb5 57. d5 Be4+ 58. Kd4 Rd3+ 0-1

[Event "St Petersburg Korchnoi Memorial op"]
[Site "St Petersburg"]
[Date "2019.08.16"]
[Round "3"]
[White "Gumenniy, Evgeny"]
[Black "Gorbatenko, Alexander"]
[Result "1/2-1/2"]
[WhiteElo "1797"]
[BlackElo "2038"]
[PlyCount "72"]
[EventDate "2019.08.14"]
[EventType "swiss"]
[EventRounds "9"]
[EventCountry "RUS"]
[SourceTitle "CBM 192"]
[Source "ChessBase"]
[SourceDate "2019.10.31"]
[SourceVersion "1"]
[SourceVersionDate "2019.10.31"]
[SourceQuality "1"]

1. e4 c5 2. Nf3 g6 3. d4 cxd4 4. Qxd4 Nf6 5. e5 Nc6 6. Qa4 Nd5 7. Qe4 Nb6 8. Nc3 Bg7 9. Bf4 d5 10. exd6 Bf5 11. dxe7 Qd7 12. Qe2 Nb4 13. Rc1 Qxe7 14. Qxe7+ Kxe7 15. Bb5 Nxc2+ 16. Kf1 a6 17. Be2 Nd4 18. Nxd4 Bxd4 19. g4 Be6 20. Bf3 Bxc3 21. bxc3 Nd5 22. Bd2 b5 23. Kg2 Rac8 24. Rhe1 Rhd8 25. a4 Nb6 26. a5 Rxd2 27. axb6 Rb8 28. b7 Kd7 29. Ra1 Rd6 30. Ra3 Bd5 31. Bxd5 Rxd5 32. Rxa6 Rxb7 33. Rf6 Kd8 34. Re3 Re7 35. Ref3 Ke8 36. Rb6 Kf8 1/2-1/2

[Event "Pardubice Czech op-B 30th"]
[Site "Pardubice"]
[Date "2019.07.27"]
[Round "9"]
[White "Gorbatenko, Alexander"]
[Black "Slijper, Thomas"]
[Result "0-1"]
[WhiteElo "2048"]
[BlackElo "1931"]
[PlyCount "104"]
[EventDate "2019.07.19"]
[EventType "swiss"]
[EventRounds "9"]
[EventCountry "CZE"]
[SourceTitle "EXT 2020"]
[Source "ChessBase"]
[SourceDate "2019.10.17"]
[SourceVersion "1"]
[SourceVersionDate "2019.10.17"]
[SourceQuality "1"]

1. d4 d5 2. c4 e6 3. Nc3 c6 4. e3 f5 5. f4 Nf6 6. Nf3 Be7 7. Be2 0-0 8. 0-0 Ne4 9. Bd2 Nd7 10. c5 b6 11. b4 a5 12. a3 Ba6 13. Bxa6 Rxa6 14. Nxe4 fxe4 15. Ne5 Nxe5 16. fxe5 axb4 17. axb4 Rxf1+ 18. Qxf1 Rxa1 19. Qxa1 bxc5 20. bxc5 Qb8 21. Qa6 Qb2 22. Be1 Kf7 23. Qf1+ Ke8 24. Qa6 Kf7 25. Qf1+ Ke8 26. h4 Qc1 27. Qf2 Qd1 28. g3 Qg4 29. Kh2 g6 30. Ba5 h5 31. Bc7 Qf5 32. Qe2 Qg4 33. Qg2 g5 34. Bd6 gxh4 35. Bxe7 Kxe7 36. Qb2 hxg3+ 37. Kg1 Qd1+ 38. Kg2 Qf3+ 39. Kh3 g2+ 40. Kh2 g1Q+ 41. Kxg1 Qxe3+ 42. Kh1 Qh3+ 43. Kg1 Qg4+ 44. Kh1 e3 45. Qb7+ Kf8 46. Qc8+ Kf7 47. Qd7+ Kg6 48. Qe7 Kf5 49. Qh7+ Kf4 50. Qd3 Qf3+ 51. Kh2 Qg3+ 52. Kh1 Qe1+ 0-1

[Event "Pardubice Czech op-B 30th"]
[Site "Pardubice"]
[Date "2019.07.23"]
[Round "5"]
[White "Gorbatenko, Alexander"]
[Black "Hlozek, David"]
[Result "1-0"]
[WhiteElo "2048"]
[BlackElo "1901"]
[PlyCount "99"]
[EventDate "2019.07.19"]
[EventType "swiss"]
[EventRounds "9"]
[EventCountry "CZE"]
[SourceTitle "EXT 2020"]
[Source "ChessBase"]
[SourceDate "2019.10.17"]
[SourceVersion "1"]
[SourceVersionDate "2019.10.17"]
[SourceQuality "1"]

1. d4 d5 2. c4 e6 3. Nc3 Nf6 4. cxd5 exd5 5. Bg5 c6 6. Qc2 Be7 7. e3 0-0 8. h3 Nbd7 9. Bd3 h6 10. Bf4 a6 11. Nf3 Re8 12. 0-0 Bf8 13. Rfd1 b5 14. b3 Bb7 15. Ne2 Qb6 16. Ng3 c5 17. dxc5 Nxc5 18. Bf1 Rac8 19. Qb2 Nce4 20. Be5 Bb4 21. Rac1 Nxg3 22. Bxg3 Ne4 23. Be5 f6 24. Bd4 Qa5 25. Rxc8 Rxc8 26. Bd3 Bc3 27. Qe2 Bxd4 28. exd4 Qb6 29. Qe3 Qc6 30. Nh4 Re8 31. Rc1 Nc3 32. Bh7+ Kxh7 33. Qxc3 Qxc3 34. Rxc3 Rc8 35. Rc5 Kg8 36. Nf5 Rxc5 37. dxc5 Kf8 38. b4 Bc8 39. Nd4 Ke7 40. Kh2 g6 41. f4 Bd7 42. g4 Bc8 43. Kg3 Bd7 44. h4 h5 45. g5 f5 46. Kf3 Bc8 47. Ke3 Bd7 48. Nf3 Ke6 49. Ne5 Be8 50. Kd4 1-0

[Event "Pardubice Czech op-B 30th"]
[Site "Pardubice"]
[Date "2019.07.20"]
[Round "2"]
[White "Breitzmann, Sander"]
[Black "Gorbatenko, Alexander"]
[Result "1-0"]
[WhiteElo "1894"]
[BlackElo "2048"]
[PlyCount "59"]
[EventDate "2019.07.19"]
[EventType "swiss"]
[EventRounds "9"]
[EventCountry "CZE"]
[SourceTitle "EXT 2020"]
[Source "ChessBase"]
[SourceDate "2019.10.17"]
[SourceVersion "1"]
[SourceVersionDate "2019.10.17"]
[SourceQuality "1"]

1. e4 c5 2. Nf3 g6 3. d4 cxd4 4. Qxd4 Nf6 5. e5 Nc6 6. Qa4 Nd5 7. Qe4 Nb6 8. Bd3 Bg7 9. 0-0 0-0 10. Nc3 d6 11. exd6 Qxd6 12. Nb5 Qb4 13. c3 Qxe4 14. Bxe4 Bd7 15. Bg5 f6 16. Be3 f5 17. Bc2 Na5 18. Nc7 Rad8 19. Ng5 Rf6 20. Bxb6 axb6 21. Nd5 Rd6 22. Rad1 Bb5 23. Nxe7+ Kf8 24. Rxd6 Rxd6 25. Re1 Rd2 26. Nxh7+ Kf7 27. Ng5+ Kf6 28. h4 Be2 29. Ng8+ Ke5 30. Nf3+ 1-0

[Event "Pardubice Czech op-B 29th"]
[Site "Pardubice"]
[Date "2018.07.27"]
[Round "8"]
[White "Zhukenov, Aituar"]
[Black "Gorbatenko, Alexander"]
[Result "0-1"]
[WhiteElo "1886"]
[BlackElo "2049"]
[PlyCount "52"]
[EventDate "2018.07.20"]
[EventType "swiss"]
[EventRounds "9"]
[EventCountry "CZE"]
[SourceTitle "CBM 186 Extra"]
[Source "ChessBase"]
[SourceDate "2018.08.24"]
[SourceVersion "1"]
[SourceVersionDate "2018.08.24"]
[SourceQuality "1"]

1. e4 c5 2. Nc3 Nc6 3. Bb5 g6 4. Bxc6 dxc6 5. d3 Bg7 6. f4 c4 7. Nf3 cxd3 8. cxd3 Nf6 9. 0-0 0-0 10. h3 c5 11. Be3 b6 12. d4 cxd4 13. Bxd4 Bb7 14. Qe2 Qc8 15. Qe3 Qe6 16. Rae1 Rfd8 17. Be5 Qc4 18. f5 Rd3 19. Qe2 Qc5+ 20. Qf2 Rxf3 21. gxf3 Qxe5 22. f4 Qc7 23. fxg6 hxg6 24. Qe3 Rd8 25. Rd1 Rxd1 26. Rxd1 Qc6 0-1

[Event "Pardubice op rapid 29th"]
[Site "Pardubice"]
[Date "2018.07.19"]
[Round "7"]
[White "Gorbatenko, Alexander"]
[Black "Gomes, Mary Ann"]
[Result "0-1"]
[WhiteElo "2049"]
[BlackElo "2284"]
[PlyCount "70"]
[EventDate "2018.07.18"]
[EventType "swiss (rapid)"]
[EventRounds "9"]
[EventCountry "CZE"]
[SourceTitle "CBM 185 Extra"]
[Source "ChessBase"]
[SourceDate "2018.07.29"]
[SourceVersion "1"]
[SourceVersionDate "2018.07.29"]
[SourceQuality "1"]

1. d4 Nf6 2. c4 e6 3. Nc3 Bb4 4. e3 b6 5. Bd3 Bb7 6. f3 0-0 7. Nge2 d5 8. 0-0 c5 9. a3 Bxc3 10. bxc3 Nc6 11. cxd5 exd5 12. Ng3 Re8 13. Qd2 Na5 14. Bb2 Nb3 15. Qf2 Nxa1 16. Bxa1 Qd7 17. Nf5 c4 18. Bc2 g6 19. Ng3 Re7 20. Bb2 Rae8 21. Bc1 b5 22. h4 h5 23. Ne2 Qd6 24. Nf4 Nh7 25. Kh1 a5 26. Rg1 Bc8 27. g4 hxg4 28. fxg4 Nf6 29. g5 Ne4 30. Bxe4 Rxe4 31. h5 Bf5 32. h6 Kh7 33. Qb2 Rxe3 34. Bxe3 Rxe3 35. Qf2 Be4+ 0-1

[Event "Pardubice op rapid 29th"]
[Site "Pardubice"]
[Date "2018.07.19"]
[Round "5"]
[White "Pavlicek, Lukas"]
[Black "Gorbatenko, Alexander"]
[Result "0-1"]
[WhiteElo "1819"]
[BlackElo "2049"]
[PlyCount "52"]
[EventDate "2018.07.18"]
[EventType "swiss (rapid)"]
[EventRounds "9"]
[EventCountry "CZE"]
[SourceTitle "CBM 185 Extra"]
[Source "ChessBase"]
[SourceDate "2018.07.29"]
[SourceVersion "1"]
[SourceVersionDate "2018.07.29"]
[SourceQuality "1"]

1. c4 e5 2. Nc3 Nf6 3. g3 d5 4. cxd5 Nxd5 5. Bg2 Nb6 6. Nf3 Nc6 7. d3 f6 8. 0-0 Be6 9. Qc2 Qd7 10. a3 0-0-0 11. Be3 Bh3 12. b4 Bxg2 13. Kxg2 h5 14. Rfc1 h4 15. Ng1 hxg3 16. fxg3 f5 17. b5 Nd4 18. Bxd4 exd4 19. Nd1 f4 20. a4 fxg3 21. hxg3 Bd6 22. Qd2 Qg4 23. Qe1 Rdf8 24. a5 Nd5 25. Nf3 Qh3+ 26. Kg1 Bxg3 0-1

[Event "Pardubice op rapid 29th"]
[Site "Pardubice"]
[Date "2018.07.18"]
[Round "2"]
[White "Gorbatenko, Alexander"]
[Black "Straka, Vojtech1"]
[Result "1/2-1/2"]
[WhiteElo "2049"]
[BlackElo "1977"]
[PlyCount "128"]
[EventDate "2018.07.18"]
[EventType "swiss (rapid)"]
[EventRounds "9"]
[EventCountry "CZE"]
[SourceTitle "CBM 185 Extra"]
[Source "ChessBase"]
[SourceDate "2018.07.29"]
[SourceVersion "1"]
[SourceVersionDate "2018.07.29"]
[SourceQuality "1"]

1. d4 c6 2. c4 d5 3. Nf3 Nf6 4. Nc3 g6 5. cxd5 cxd5 6. g3 Bg7 7. Bg2 Nc6 8. 0-0 0-0 9. Ne5 a6 10. Nxc6 bxc6 11. Na4 Nd7 12. Be3 e5 13. Rc1 Bb7 14. dxe5 Bxe5 15. Bd4 Re8 16. Bxe5 Rxe5 17. e3 Qe7 18. Qd4 a5 19. Nc5 Nxc5 20. Rxc5 a4 21. Qc3 Ba6 22. Rd1 Bb5 23. Bf1 Bxf1 24. Rxf1 Rc8 25. Rxc6 Rxc6 26. Qxc6 Qb4 27. Qc3 Qxc3 28. bxc3 Re4 29. Rb1 Rc4 30. Rb4 Rxc3 31. Rxa4 Kf8 32. Ra7 Kg7 33. h4 h5 34. Kg2 Kf6 35. a4 Ra3 36. a5 Ke5 37. a6 d4 38. exd4+ Kxd4 39. Rd7+ Ke5 40. a7 Ke6 41. Rb7 f6 42. Kf1 g5 43. hxg5 fxg5 44. Rh7 h4 45. gxh4 gxh4 46. Kg2 h3+ 47. Kh2 Kf5 48. Rg7 Kf6 49. Rb7 Kf5 50. Rd7 Ke6 51. Rb7 Kf5 52. f3 Kf6 53. Rh7 Kg6 54. Rb7 Kf6 55. Kg3 Kg6 56. Rb6+ Kf5 57. Rb7 Kf6 58. Kxh3 Rxf3+ 59. Kg4 Ra3 60. Kf4 Ra4+ 61. Ke3 Ke6 62. Kd3 Kd6 63. Kc3 Kc6 64. Rh7 Kb6 1/2-1/2

[Event "Pardubice op rapid 29th"]
[Site "Pardubice"]
[Date "2018.07.18"]
[Round "3"]
[White "Soural, Jan"]
[Black "Gorbatenko, Alexander"]
[Result "1-0"]
[WhiteElo "2192"]
[BlackElo "2049"]
[PlyCount "87"]
[EventDate "2018.07.18"]
[EventType "swiss (rapid)"]
[EventRounds "9"]
[EventCountry "CZE"]
[SourceTitle "CBM 185 Extra"]
[Source "ChessBase"]
[SourceDate "2018.07.29"]
[SourceVersion "1"]
[SourceVersionDate "2018.07.29"]
[SourceQuality "1"]

1. d4 Nf6 2. c4 e6 3. g3 d5 4. Nf3 Be7 5. Bg2 0-0 6. 0-0 dxc4 7. Qc2 a6 8. a4 Nc6 9. Qxc4 Qd5 10. Qxd5 Nxd5 11. Nc3 Ndb4 12. Bf4 Bd6 13. Rac1 h6 14. Rfd1 Rb8 15. Bxd6 cxd6 16. d5 Na5 17. dxe6 Bxe6 18. Nd4 Bc4 19. Ne4 Bd5 20. Nxd6 Bxg2 21. Kxg2 Rfd8 22. Nc4 Rxd4 23. Nxa5 Rxd1 24. Rxd1 b6 25. Nb3 Kf8 26. Rd7 Ke8 27. Rc7 Nd5 28. Ra7 a5 29. Nd4 Rc8 30. e3 Rc4 31. b3 Rc3 32. h4 Nf6 33. Rb7 Nd7 34. Kf3 Kd8 35. Ke2 g6 36. Kd2 Rc5 37. Ra7 Kc8 38. e4 f5 39. h5 fxe4 40. hxg6 Rg5 41. Nc6 Rc5 42. g7 Nf6 43. Rf7 Rxc6 44. Rxf6 1-0

[Event "Chigorin Memorial 25th"]
[Site "St Petersburg"]
[Date "2017.10.27"]
[Round "7"]
[White "Thrish, Karthik"]
[Black "Gorbatenko, Alexander"]
[Result "0-1"]
[WhiteElo "1843"]
[BlackElo "2042"]
[PlyCount "144"]
[EventDate "2017.10.21"]
[EventType "swiss"]
[EventRounds "9"]
[EventCountry "RUS"]
[SourceTitle "CBM 181 Extra"]
[Source "ChessBase"]
[SourceDate "2017.12.12"]
[SourceVersion "1"]
[SourceVersionDate "2017.12.12"]
[SourceQuality "1"]

1. e4 c5 2. c4 Nc6 3. Nc3 g6 4. d3 Bg7 5. g3 d6 6. Bg2 e6 7. Nge2 Nge7 8. 0-0 0-0 9. Be3 Nd4 10. Bxd4 cxd4 11. Nb1 Bd7 12. Nd2 Bc6 13. b4 b5 14. cxb5 Bxb5 15. Qb3 Qd7 16. a4 Bc6 17. b5 Bb7 18. Nc4 Rab8 19. Qa3 Rfd8 20. Rfc1 d5 21. Na5 Ba8 22. Nb3 dxe4 23. Nc5 Qd6 24. Bxe4 Nd5 25. Na6 Qxa3 26. Rxa3 Rbc8 27. Raa1 Nc3 28. Nxc3 dxc3 29. Bxa8 Rxa8 30. Nb4 Bf8 31. Nc6 Rxd3 32. Rc2 Bg7 33. a5 Rd6 34. Kf1 a6 35. Nb4 axb5 36. a6 Ra7 37. Ra5 Rb6 38. Ra1 Bf8 39. Rb1 Bxb4 40. Rxb4 Raxa6 41. Rxc3 Ra4 42. Rxa4 bxa4 43. Rc8+ Kg7 44. Ra8 Rb4 45. Ke2 g5 46. h3 h5 47. Ra5 Kg6 48. Ra6 h4 49. gxh4 Rxh4 50. Kf1 Rxh3 51. Rxa4 Kf5 52. Kg2 Rb3 53. Ra7 f6 54. Ra5+ e5 55. Ra4 e4 56. Ra6 Ke5 57. Rc6 f5 58. Rc5+ Kf4 59. Ra5 Rb2 60. Ra3 Kg4 61. Rg3+ Kf4 62. Ra3 g4 63. Kg1 Rd2 64. Kg2 Rd3 65. Ra5 g3 66. fxg3+ Rxg3+ 67. Kf2 Rb3 68. Rc5 Rb2+ 69. Kf1 Kg4 70. Re5 Kf4 71. Rc5 e3 72. Ra5 Ke4 0-1

[Event "Chigorin Memorial 24th"]
[Site "St Petersburg"]
[Date "2016.10.16"]
[Round "2"]
[White "Gorbatenko, Alexander"]
[Black "Pankova, Julia"]
[Result "1-0"]
[WhiteElo "2067"]
[BlackElo "1745"]
[PlyCount "113"]
[EventDate "2016.10.15"]
[EventType "swiss"]
[EventRounds "9"]
[EventCountry "RUS"]
[SourceTitle "CBM 175 Extra"]
[Source "ChessBase"]
[SourceDate "2016.12.12"]
[SourceVersion "1"]
[SourceVersionDate "2016.12.12"]
[SourceQuality "1"]

1. e4 c5 2. Nf3 Nc6 3. d4 cxd4 4. Nxd4 g6 5. c4 Bg7 6. Be3 Nf6 7. Nc3 Ng4 8. Qxg4 Nxd4 9. Qd1 Ne6 10. Rc1 Qa5 11. Bd3 b6 12. Qd2 Bb7 13. 0-0 Nc5 14. Bb1 d6 15. Bh6 0-0 16. Bxg7 Kxg7 17. Qd4+ Kg8 18. Nd5 Bxd5 19. exd5 Nd7 20. Rc3 b5 21. Re3 Rfe8 22. cxb5 Qxb5 23. h4 Nf6 24. Rd1 Rac8 25. a3 Qc4 26. Qxc4 Rxc4 27. g3 Rc5 28. Be4 Rec8 29. Bf3 Kf8 30. Kg2 Nd7 31. h5 Ne5 32. Be2 Rc2 33. b4 R2c3 34. Rxc3 Rxc3 35. hxg6 hxg6 36. a4 Rb3 37. Rd4 Ra3 38. Bb5 Nf3 39. Rc4 Ne5 40. Rc8+ Kg7 41. Rc7 a6 42. Bc6 Nxc6 43. dxc6 Rxa4 44. Rb7 Ra3 45. Ra7 Rb3 46. Ra8 Rc3 47. Rxa6 d5 48. b5 d4 49. Kf1 d3 50. Ke1 Rc2 51. Ra3 Rc5 52. Rb3 e5 53. b6 e4 54. Rb1 Rh5 55. Kd2 Rf5 56. Ke3 Rc5 57. b7 1-0

[Event "Chigorin Memorial 24th"]
[Site "St Petersburg"]
[Date "2016.10.15"]
[Round "1"]
[White "Iljiushenok, Ilia"]
[Black "Gorbatenko, Alexander"]
[Result "1-0"]
[WhiteElo "2505"]
[BlackElo "2067"]
[PlyCount "79"]
[EventDate "2016.10.15"]
[EventType "swiss"]
[EventRounds "9"]
[EventCountry "RUS"]
[SourceTitle "CBM 175 Extra"]
[Source "ChessBase"]
[SourceDate "2016.12.12"]
[SourceVersion "1"]
[SourceVersionDate "2016.12.12"]
[SourceQuality "1"]

1. e4 c5 2. Nf3 Nc6 3. Bb5 g6 4. Bxc6 dxc6 5. d3 Bg7 6. h3 e5 7. Be3 b6 8. Nc3 Ne7 9. Qd2 0-0 10. 0-0-0 f6 11. g4 Be6 12. Rhg1 Qd7 13. Qe2 Nc8 14. Nd2 Nd6 15. a4 Qf7 16. b3 Kh8 17. Nf3 Qd7 18. Rg2 Rg8 19. Rdg1 Nb7 20. h4 b5 21. Nd2 a6 22. Rh1 h6 23. g5 h5 24. gxf6 Bxf6 25. Rhg1 Bf7 26. Qf3 Qe7 27. Bg5 Bxg5 28. Rxg5 Rae8 29. Qg3 c4 30. Nf3 cxb3 31. Nxe5 Qf6 32. Nxf7+ Qxf7 33. Rxg6 Qxg6 34. Qxg6 Rxg6 35. Rxg6 Na5 36. f4 Kh7 37. Rg5 Kh6 38. Ne2 bxc2 39. Kxc2 Nb7 40. Ng3 1-0

[Event "St Petersburg-ch sf 85th"]
[Site "St Petersburg"]
[Date "2012.02.05"]
[Round "9.14"]
[White "Gorbatenko, Alexander"]
[Black "Gorjunov, Sergey"]
[Result "1-0"]
[WhiteElo "2082"]
[BlackElo "2088"]
[PlyCount "49"]
[EventDate "2012.01.28"]
[EventType "swiss"]
[EventRounds "9"]
[EventCountry "RUS"]
[SourceTitle "CBM 146 Extra"]
[Source "ChessBase"]
[SourceDate "2012.02.29"]
[SourceVersion "1"]
[SourceVersionDate "2012.02.29"]
[SourceQuality "1"]

1. e4 e6 2. d3 d5 3. Nd2 c5 4. Ngf3 Nc6 5. g3 Bd6 6. Bg2 Nf6 7. 0-0 0-0 8. Re1 Qc7 9. c3 b6 10. Qe2 Nd7 11. d4 cxd4 12. Nxd4 Nxd4 13. cxd4 Bb7 14. e5 Be7 15. Nf1 Rac8 16. Ne3 Rce8 17. Bd2 f5 18. Rac1 Qb8 19. f4 Rc8 20. Qb5 Rcd8 21. Bb4 a6 22. Qa4 b5 23. Qa3 Bxb4 24. Qxb4 Kf7 25. Nxf5 1-0

[Event "St Petersburg Chigorin CC-ch"]
[Site "St Petersburg"]
[Date "2009.05.19"]
[Round "1"]
[White "Gorbatenko, Alexander"]
[Black "Dodonov, Vladimir"]
[Result "1/2-1/2"]
[WhiteElo "2203"]
[BlackElo "1959"]
[PlyCount "94"]
[EventDate "2009.05.19"]
[EventType "swiss"]
[EventRounds "9"]
[EventCountry "RUS"]
[SourceTitle "CBM 130 Extra"]
[Source "ChessBase"]
[SourceDate "2009.07.02"]
[SourceVersion "2"]
[SourceVersionDate "2009.07.15"]
[SourceQuality "1"]

1. d4 Nf6 2. c4 g6 3. Nc3 Bg7 4. e4 d6 5. Be2 0-0 6. Nf3 e5 7. d5 Nbd7 8. Bg5 h6 9. Bh4 a5 10. Nd2 Nc5 11. 0-0 c6 12. Qc2 Qb6 13. b3 Bd7 14. Rab1 g5 15. Bg3 Nh7 16. Kh1 f5 17. f3 Nf6 18. Bf2 cxd5 19. Na4 Bxa4 20. bxa4 Qc6 21. cxd5 Qxa4 22. Qxa4 Nxa4 23. Rxb7 Nc3 24. Bd3 fxe4 25. Nxe4 Nfxe4 26. Bxe4 Nxe4 27. fxe4 Rf4 28. g3 Rxe4 29. Rd7 Rf8 30. Rxd6 Re2 31. Kg1 e4 32. Bb6 Rxf1+ 33. Kxf1 Rxh2 34. Re6 Rxa2 35. d6 Rd2 36. Bxa5 Rd5 37. Bc7 Kf7 38. Re7+ Kf8 39. Rxe4 Kf7 40. Re7+ Kf8 41. Kg2 Bf6 42. Re4 Kf7 43. g4 Re5 44. Ra4 Ke6 45. Ra8 Kd7 46. Rf8 Re6 47. Kf3 Bd4 1/2-1/2

[Event "St Petersburg March op"]
[Site "St Petersburg"]
[Date "2009.04.08"]
[Round "8"]
[White "Orlov, Anatoly"]
[Black "Gorbatenko, Alexander"]
[Result "1-0"]
[WhiteElo "2023"]
[BlackElo "2145"]
[PlyCount "101"]
[EventDate "2009.03.30"]
[EventType "swiss"]
[EventRounds "9"]
[EventCountry "RUS"]
[SourceTitle "EXT 2012"]
[Source "ChessBase"]
[SourceDate "2011.11.24"]
[SourceVersion "1"]
[SourceVersionDate "2011.11.24"]
[SourceQuality "1"]

1. e4 c5 2. Nc3 Nc6 3. g3 g6 4. Bg2 Bg7 5. d3 d6 6. Be3 e6 7. Qd2 Nd4 8. Nd1 Rb8 9. c3 Nc6 10. f4 Nge7 11. Nf3 0-0 12. 0-0 f5 13. exf5 Nxf5 14. Bf2 Bd7 15. Ne3 Nce7 16. Nxf5 Nxf5 17. d4 b6 18. Rfe1 Bf6 19. Rad1 h5 20. h3 cxd4 21. Nxd4 Bxd4 22. cxd4 d5 23. Re5 Rc8 24. Qe1 Ng7 25. Be3 Rf5 26. g4 Rxe5 27. fxe5 Rc2 28. Rd2 Qc8 29. Qf2 Rxd2 30. Qxd2 hxg4 31. hxg4 Qf8 32. Kh2 Bb5 33. Kg1 Qc8 34. b3 a5 35. Qc1 Qxc1+ 36. Bxc1 Be2 37. Bh3 Kf7 38. Bg5 b5 39. Kf2 Bd1 40. Ke1 Bf3 41. a4 bxa4 42. bxa4 Ke8 43. Bd2 Kd7 44. Bxa5 Ne8 45. Kd2 Be4 46. Bf1 Bf3 47. Be2 Be4 48. Bd3 Bf3 49. g5 Bh5 50. Bb5+ Ke7 51. Bb6 1-0

[Event "St Petersburg March op"]
[Site "St Petersburg"]
[Date "2009.04.07"]
[Round "7"]
[White "Gorbatenko, Alexander"]
[Black "Komarov, Andrei"]
[Result "0-1"]
[WhiteElo "2145"]
[BlackElo "2020"]
[PlyCount "69"]
[EventDate "2009.03.30"]
[EventType "swiss"]
[EventRounds "9"]
[EventCountry "RUS"]
[SourceTitle "EXT 2012"]
[Source "ChessBase"]
[SourceDate "2011.11.24"]
[SourceVersion "1"]
[SourceVersionDate "2011.11.24"]
[SourceQuality "1"]

1. Nf3 Nf6 2. c4 d6 3. d4 c6 4. Nc3 Nbd7 5. e3 g6 6. Bd3 Bg7 7. 0-0 0-0 8. b3 Re8 9. Bb2 e5 10. Qc2 Qe7 11. dxe5 dxe5 12. Nd2 Nf8 13. a4 Ne6 14. Ba3 Qc7 15. Nce4 Rd8 16. Nxf6+ Bxf6 17. Ne4 Be7 18. c5 b6 19. cxb6 axb6 20. Bxe7 Qxe7 21. Qxc6 Bb7 22. Qc2 Rac8 23. Bc4 Qh4 24. Ng3 e4 25. Rfd1 Nc5 26. Rxd8+ Qxd8 27. Ne2 Nd3 28. Qd2 Qf6 29. Nd4 Ne5 30. Be2 Qd6 31. Rc1 Rxc1+ 32. Qxc1 Qb4 33. h3 Nd3 34. Kh2 Qd6+ 35. g3 0-1

[Event "St Petersburg March op"]
[Site "St Petersburg"]
[Date "2009.04.06"]
[Round "6"]
[White "Anosov, Sergey"]
[Black "Gorbatenko, Alexander"]
[Result "0-1"]
[WhiteElo "2091"]
[BlackElo "2145"]
[PlyCount "84"]
[EventDate "2009.03.30"]
[EventType "swiss"]
[EventRounds "9"]
[EventCountry "RUS"]
[SourceTitle "EXT 2012"]
[Source "ChessBase"]
[SourceDate "2011.11.24"]
[SourceVersion "1"]
[SourceVersionDate "2011.11.24"]
[SourceQuality "1"]

1. e4 c5 2. c3 d5 3. exd5 Qxd5 4. d4 Nc6 5. Nf3 Bg4 6. Be2 cxd4 7. cxd4 e6 8. Nc3 Qa5 9. h3 Bh5 10. 0-0 Nf6 11. Be3 Be7 12. a3 0-0 13. Qd2 Rac8 14. Rfd1 Nd5 15. b4 Qd8 16. Nxd5 Qxd5 17. b5 Nb8 18. g4 Bg6 19. Ne5 Be4 20. Rdc1 Rxc1+ 21. Rxc1 Qd8 22. a4 Nd7 23. Nxd7 Qxd7 24. Bf4 Bd6 25. Bxd6 Qxd6 26. Qc3 Bd5 27. Qc5 Qf4 28. Rc3 b6 29. Qb4 f5 30. g5 Qxg5+ 31. Rg3 Qf6 32. f3 Rc8 33. Qd2 h6 34. Kh2 Kh7 35. Rg1 Qh4 36. Rg2 Qe7 37. Bd3 Bxf3 38. Rg3 Bd5 39. Qf4 Qf6 40. h4 Bc4 41. Bb1 Rd8 42. Qc7 Rxd4 0-1

[Event "St Petersburg March op"]
[Site "St Petersburg"]
[Date "2009.04.03"]
[Round "5"]
[White "Gorbatenko, Alexander"]
[Black "Ljubarov, Mark"]
[Result "1/2-1/2"]
[WhiteElo "2145"]
[BlackElo "2051"]
[PlyCount "102"]
[EventDate "2009.03.30"]
[EventType "swiss"]
[EventRounds "9"]
[EventCountry "RUS"]
[SourceTitle "EXT 2012"]
[Source "ChessBase"]
[SourceDate "2011.11.24"]
[SourceVersion "1"]
[SourceVersionDate "2011.11.24"]
[SourceQuality "1"]

1. d4 Nf6 2. c4 e6 3. Nf3 b6 4. a3 Bb7 5. Nc3 d6 6. e3 Be7 7. Bd3 Nbd7 8. e4 0-0 9. 0-0 c5 10. b4 d5 11. exd5 exd5 12. dxc5 bxc5 13. Nxd5 Nxd5 14. cxd5 cxb4 15. d6 Bf6 16. Rb1 Nc5 17. axb4 Nxd3 18. Qxd3 Bxf3 19. gxf3 Be5 20. d7 Bc7 21. f4 f5 22. Qd5+ Kh8 23. Rb3 Qh4 24. Qc4 Bb6 25. Rg3 Rad8 26. Qe6 Qf6 27. Qxf6 Rxf6 28. Rd1 Rf7 29. Rgd3 Re7 30. Be3 Bxe3 31. fxe3 Kg8 32. Kf2 Kf7 33. Rd5 g6 34. Kf3 Ke6 35. Rd6+ Kf7 36. h4 Re6 37. R6d4 Rc6 38. e4 Rc3+ 39. R1d3 fxe4+ 40. Kxe4 Rc7 41. Ke5 Ke7 42. Rd6 Rb7 43. R3d4 Rb5+ 44. R6d5 Rb6 45. Ke4 Rb7 46. b5 Rbxd7 47. Re5+ Kf6 48. Rxd7 Rxd7 49. h5 Rd1 50. hxg6 hxg6 51. Rc5 Rd6 1/2-1/2